LEADER 00939nam a2200193 i 4500 001 000000242269 003 CaOOAMICUS 005 20150603000000.0 008 150603s1772 it u000 u fre u 013 $a221174 026 $aeses e.nd s.m- (apa (3) 1772 (R) 040 $aSeMil$bita 245 10$aTome 4. 300 $a[4], cxii, [2], 700 p. 500 $aSegn. : pg2 a-o4 chi1 A-4S4 4T2. 773 0 $aBossuet, Jacques-Bénigne $tOeuvres de Messire Jacques-Bénigne Bossuet, évêque de Meaux, ... Tome 1. [-12.].$bNouvelle édition revue sur les manuscrits originaux et les éditions les plus correctes, .. [par l'abbé Claude Lequeux, dom Déforis et dom Coniac].$dA Paris : Chez Antoine Boudet, imprimeur du roi, rue Saint-Jacques, 1772-1773.$g4$w()31965 850 $aSeMil 852 $aSeMil$W1$xVenegono$y1$m3F III 4 FA$j192615$B192615$CSeMilBibl$Z2$F203433 $8I 996 $6245$aTome 4$9(OLS)http://semarc/title/1585 LEADER 00725nam a2200181 i 4500 001 000000258968 003 CaOOAMICUS 005 20180622000000.0 008 180622s1901 xx u000 u ger u 013 $a237876 040 $aSeMil$bita 100 1 $aKlein, Félix,$d<1862-1953>.$0(OLS)http://semarc/name/30406 245 10$aMechanik. 3. Theil /$credigiert von Félix Klein. 300 $a593 p. ;$c25 cm. 773 0 $tEncyklopädie der mathematischen Wissenschaften mit Einschluss ihrer Anwendungen.$dLeipzig : B. G. Teubner, 1898-1923.$gBd.4$w()31361 850 $aSeMil 852 $aSeMil$W1$xVenegono$y1$m3W V 98 FA$j209313$B209313$CSeMilBibl$Z2$F222978 $8I 996 $6245$aMechanik. 3. Theil$9(OLS)http://semarc/title/413834